| 000 | 00812nam a2200229 a 4500 | ||
|---|---|---|---|
| 001 | 000047796 | ||
| 005 | 20201002060736.0 | ||
| 008 | 180810s2018 dr ac 000 0 spa d | ||
| 020 | _a9789945125856 (teacher's book) | ||
| 020 | _z9789945125788 (students book) | ||
| 020 | _z9789945125733 (workbook) | ||
| 040 |
_aDO-SdBNP _bspa _cBNPHU |
||
| 082 |
_axxxx _bA452en |
||
| 100 | 1 |
_aAlmonte Jiménez, Yahaira _975383 |
|
| 245 | 1 | 0 |
_aEnglish 5 : _b5th grade of secondary school / _cYahaira Almonte Jiménez ; ilustrations Billi J. Cena. |
| 260 |
_aSanto Domingo : _bSusaeta, _c2018. |
||
| 300 |
_av. : _bil., retrs. ; _c30 cm. |
||
| 500 | _aNew curriculum design | ||
| 505 | 0 |
_gv.1. _tteacher's book _gv.2. _tstudents book _gv.3. _tworkbook |
|
| 590 | _aInventariado, 2018/LP | ||
| 700 | 1 |
_aCena., Billi J. _eil. _975384 |
|
| 999 |
_c47284 _d47284 |
||